| 000 | 00642nam a22001932 4500 | ||
|---|---|---|---|
| 001 | 0000009582 | ||
| 005 | 20151217155840.0 | ||
| 008 | 081111s xx 000 0 eng d | ||
| 020 | _cDonation | ||
| 040 |
_aKABU _cKABU |
||
| 245 | 1 | 4 | _aThe Church Missionary atlas containing an account of the various countries in which the Church Missionary Society labours and of its missionary operations. |
| 250 | _aNew 8th ed. | ||
| 260 |
_aLondon : _bCMS, _c1896. |
||
| 300 | _axi, 239 p. | ||
| 610 | 2 | 0 |
_aChurch Missionary Society. _@0000149626 |
| 908 | _a081111 | ||
| 950 | _@1 | ||
| 999 |
_c13179 _d13179 |
||